<?xml version="1.0" encoding="UTF-8"?><?xml-stylesheet type="text/xsl" href="static/style.xsl"?><OAI-PMH xmlns="http://www.openarchives.org/OAI/2.0/" xmlns:xsi="http://www.w3.org/2001/XMLSchema-instance" xsi:schemaLocation="http://www.openarchives.org/OAI/2.0/ http://www.openarchives.org/OAI/2.0/OAI-PMH.xsd"><responseDate>2026-04-17T03:32:46Z</responseDate><request verb="GetRecord" identifier="oai:www.recercat.cat:2445/176144" metadataPrefix="marc">https://recercat.cat/oai/request</request><GetRecord><record><header><identifier>oai:recercat.cat:2445/176144</identifier><datestamp>2025-12-05T13:19:17Z</datestamp><setSpec>com_2072_1057</setSpec><setSpec>col_2072_478798</setSpec><setSpec>col_2072_478916</setSpec><setSpec>col_2072_478917</setSpec></header><metadata><record xmlns="http://www.loc.gov/MARC21/slim" xmlns:dcterms="http://purl.org/dc/terms/" xmlns:xsi="http://www.w3.org/2001/XMLSchema-instance" xmlns:doc="http://www.lyncode.com/xoai" xsi:schemaLocation="http://www.loc.gov/MARC21/slim http://www.loc.gov/standards/marcxml/schema/MARC21slim.xsd">
   <leader>00925njm 22002777a 4500</leader>
   <datafield ind2=" " ind1=" " tag="042">
      <subfield code="a">dc</subfield>
   </datafield>
   <datafield ind2=" " ind1=" " tag="720">
      <subfield code="a">Solanich, Xavier</subfield>
      <subfield code="e">author</subfield>
   </datafield>
   <datafield ind2=" " ind1=" " tag="720">
      <subfield code="a">Fernández Huerta, Miguel</subfield>
      <subfield code="e">author</subfield>
   </datafield>
   <datafield ind2=" " ind1=" " tag="720">
      <subfield code="a">Basaez, Celeste</subfield>
      <subfield code="e">author</subfield>
   </datafield>
   <datafield ind2=" " ind1=" " tag="720">
      <subfield code="a">Antolí, Arnau</subfield>
      <subfield code="e">author</subfield>
   </datafield>
   <datafield ind2=" " ind1=" " tag="720">
      <subfield code="a">Rocamora Blanch, Gemma</subfield>
      <subfield code="e">author</subfield>
   </datafield>
   <datafield ind2=" " ind1=" " tag="720">
      <subfield code="a">Corbella, Xavier</subfield>
      <subfield code="e">author</subfield>
   </datafield>
   <datafield ind2=" " ind1=" " tag="720">
      <subfield code="a">Santín Cerezales, Miguel</subfield>
      <subfield code="e">author</subfield>
   </datafield>
   <datafield ind2=" " ind1=" " tag="720">
      <subfield code="a">Alcaide Fernández de Vega, Fernando</subfield>
      <subfield code="e">author</subfield>
   </datafield>
   <datafield ind2=" " ind1=" " tag="260">
      <subfield code="c">2021-04-09T13:28:05Z</subfield>
   </datafield>
   <datafield ind2=" " ind1=" " tag="260">
      <subfield code="c">2021-04-09T13:28:05Z</subfield>
   </datafield>
   <datafield ind2=" " ind1=" " tag="260">
      <subfield code="c">2021-02-26</subfield>
   </datafield>
   <datafield ind2=" " ind1=" " tag="260">
      <subfield code="c">2021-04-09T13:28:05Z</subfield>
   </datafield>
   <datafield ind2=" " ind1=" " tag="520">
      <subfield code="a">Performance of the QuantiFERON-TB Gold Plus (QFT-Plus) assay could be affected by conditions of immune dysregulation. Little is known about the reliability of QTF-Plus in COVID-19 patients. Our aim was to determine the prevalence and the factors related to an indeterminate QFT-Plus test in COVID-19 hospitalized patients, and to analyze its relationship with in-hospital mortality. A retrospective analysis of all hospitalized COVID-19 patients on whom a QTF-Plus assay was performed in a tertiary care public hospital during the first epidemic wave in Spain (March-April 2020). Out of a total of 96 patients included, 34 (35.4%) had an indeterminate result, in all cases due to a lack of response in the mitogen control. Factors related to COVID-19 severity, such as higher lactate dehydrogenase (LDH) (odds ratio [OR] 1.005 [95% confidence interval [CI] 1.002-1.008]) and previous administration of corticosteroids (OR 4.477 [95% CI 1.397-14.345]), were independent predictors for indeterminate QFT-Plus assay. Furthermore, indeterminate results were more frequent among COVID-19 patients who died during hospitalization (29.1% vs. 64.7%; p = 0.005). We conclude that QFT-Plus assay yielded an unexpected, high prevalence of indeterminate results in severe COVID-19 patients. Factors related to worse COVID-19 outcome, such as LDH, as well as corticosteroid use before the QFT-Plus assay, seem to be predictors for an indeterminate result. The role of an indeterminate QFT-Plus result in predicting COVID-19 severity and mortality should be evaluated.</subfield>
   </datafield>
   <datafield tag="653" ind2=" " ind1=" ">
      <subfield code="a">COVID-19</subfield>
   </datafield>
   <datafield tag="653" ind2=" " ind1=" ">
      <subfield code="a">Mortalitat</subfield>
   </datafield>
   <datafield tag="653" ind2=" " ind1=" ">
      <subfield code="a">COVID-19</subfield>
   </datafield>
   <datafield tag="653" ind2=" " ind1=" ">
      <subfield code="a">Mortality</subfield>
   </datafield>
   <datafield ind2="0" ind1="0" tag="245">
      <subfield code="a">Clinical significance of indeterminate QuantiFERON-TB Gold Plus assay results in hospitalized COVID-19 patients with severe hyperinflammatory syndrome</subfield>
   </datafield>
</record></metadata></record></GetRecord></OAI-PMH>